000 00669cam a2200205 a 4500
001 000009185
005 20200929161519.0
008 820803s1981 cr 000 f spa
040 _aDO-SdBNP
_cDLC
_dDLC
082 _aCa863.4
_bL992e
100 1 _aLyra, Carmen
_q(María Isabel Carvajal Quesada),
_d1888-1949.
_923854
245 1 0 _aEn una silla de ruedas /
_cCarmen Lyra.
260 _aSan José, Costa Rica :
_bCosta Rica,
_c1981.
300 _a200 p. ;
_c18 cm.
490 1 _aColibrí
650 4 _aNovela costarricense
_ySIGLO XX
_923855
650 4 _aLiteratura costarricense
_ySIGLO XX
_922789
830 0 _aColibrí.
_923856
910 _aCatalogación por copia / LC
999 _c8948
_d8948